Sudden Death - Utah Cities - Statistics

General Stats
  • This quiz has been taken 29 times
  • The average score is 8 of 24
Answers on the Grid
Answers color-coded by a green-red scale on the quiz's grid according to % correct below.
Magna
Price
Page
Duchesne
Hilldale
Helper
Providence
Ely
Monticello
Dove Creek
Coalville
Evanston
Colorado City
Roy
Hurricane
Holladay
Preston
Wendover
Beaver
Manti
Bountiful
Draper
Taylorsville
Dinosaur
Boulder
Loa
Orem
Blanding
West Wendover
Santaquin
Alpine
Vineyard
 
Answer Stats
Answer % Correct
Orem
56%
Price
56%
Bountiful
50%
Draper
50%
Coalville
44%
Magna
44%
Monticello
44%
Santaquin
39%
Wendover
39%
Alpine
33%
Blanding
33%
Duchesne
33%
Holladay
33%
Hurricane
33%
Manti
33%
Roy
33%
Taylorsville
33%
Vineyard
33%
Beaver
28%
Helper
22%
Providence
22%
Hilldale
17%
Boulder
11%
Loa
11%
No matching quizzes found
Score Distribution
Percent of People with Each Score
Percentile by Number Answered
Your Score History
You have not taken this quiz